000 00416nam a2200181Ia 4500
008 210210b1944 xxu||||| |||| 00| 0 eng d
041 _aeng
082 _a829/795
100 _aMORTON (J B)
245 _aCapt Foulenough and Coy
260 _aLondon
_bMacmillan & Co. Ltd.
_c1944
650 _aFoulenough
650 _aCoy
650 _aCapt
650 _aand
690 _aEnglish Fiction
906 _a017393
999 _c137360
_d137360